[Event "Motiva Online Blitz (Women)"]
[Site "Chess.com INT"]
[Date "2021.12.18"]
[Round "12"]
[White "Gileva, Irina"]
[Black "Kaya, Emel"]
[Result "0-1"]
[WhiteElo "2077"]
[BlackElo "1912"]
[PlyCount "116"]
[EventDate "2021.12.18"]
[EventType "swiss (blitz)"]
[EventRounds "13"]
[EventCountry "USA"]
[SourceTitle "CBM 205 Extra"]
[Source "ChessBase"]
[SourceDate "2022.01.31"]
[SourceVersion "1"]
[SourceVersionDate "2022.01.31"]
[SourceQuality "1"]

1. e4 c5 2. Nf3 g6 3. d4 cxd4 4. Qxd4 Nf6 5. e5 Nc6 6. Qa4 Nd5 7. c4 Nb6 8. Qc2 Bg7 9. Bf4 0-0 10. Be2 d6 11. exd6 Bf5 12. Qc1 Nb4 13. Na3 Na4 14. Be5 Bxe5 15. Nxe5 Qxd6 16. Nf3 Nd3+ 17. Bxd3 Qxd3 18. b3 Nc5 19. Qe3 Qxe3+ 20. fxe3 Nd3+ 21. Ke2 Rfd8 22. h3 Nb4 23. Nb5 a6 24. Nbd4 Be4 25. a3 Nc6 26. Rad1 Nxd4+ 27. Rxd4 f5 28. Rhd1 Rxd4 29. Rxd4 Bxf3+ 30. gxf3 Kf7 31. a4 Rb8 32. a5 b6 33. axb6 Rxb6 34. Rd3 Ke6 35. f4 a5 36. Rc3 Kd7 37. Kf3 Rb4 38. e4 e6 39. e5 Kc6 40. Kg3 a4 41. bxa4 Rxa4 42. Kh4 Kc5 43. Kg5 Ra1 44. Kf6 Rf1 45. Kxe6 Rxf4 46. Kf7 g5 47. e6 Re4 48. e7 f4 49. e8Q Rxe8 50. Kxe8 h5 51. Kf7 g4 52. hxg4 hxg4 53. Kf6 g3 54. Kf5 g2 55. Rc1 f3 56. Ke4 f2 57. Ke3 f1Q 58. Rxf1 gxf1Q 0-1

[Event "Satka Autumn op (Women)"]
[Site "Satka"]
[Date "2012.09.28"]
[Round "8"]
[White "Nasybullina, Alfia"]
[Black "Gileva, Irina"]
[Result "1-0"]
[WhiteElo "2049"]
[BlackElo "2148"]
[PlyCount "75"]
[EventDate "2012.09.20"]
[EventType "swiss"]
[EventRounds "9"]
[EventCountry "RUS"]
[SourceTitle "CBM 150 Extra"]
[Source "ChessBase"]
[SourceDate "2012.10.19"]
[SourceVersion "1"]
[SourceVersionDate "2012.10.19"]
[SourceQuality "1"]

1. d4 d5 2. c4 e6 3. Nf3 c6 4. Qb3 Nf6 5. g3 Nbd7 6. Bg2 Bd6 7. 0-0 0-0 8. Nc3 dxc4 9. Qxc4 e5 10. Rd1 Qe7 11. e4 Re8 12. Be3 h6 13. d5 c5 14. Nb5 b6 15. Nxd6 Qxd6 16. Nh4 Nf8 17. f4 Nh5 18. fxe5 Qxe5 19. Qe2 Nh7 20. Bd2 Qxd5 21. exd5 Rxe2 22. Bf3 Re5 23. Bc3 Rg5 24. d6 Rb8 25. d7 Bxd7 26. Rxd7 a6 27. Bd5 Rf8 28. Nf3 N7f6 29. Nxg5 Nxd7 30. Ne4 Kh7 31. Rf1 f5 32. Be6 fxe4 33. Bxd7 Rxf1+ 34. Kxf1 Kg6 35. Be8+ Kg5 36. Bd2+ Kg4 37. Kg2 Nf6 38. Bg6 1-0

[Event "Satka Autumn op (Women)"]
[Site "Satka"]
[Date "2012.09.21"]
[Round "1"]
[White "Gileva, Irina"]
[Black "Buldakova, Irina"]
[Result "1-0"]
[WhiteElo "2148"]
[BlackElo "1754"]
[PlyCount "73"]
[EventDate "2012.09.20"]
[EventType "swiss"]
[EventRounds "9"]
[EventCountry "RUS"]
[SourceTitle "CBM 150 Extra"]
[Source "ChessBase"]
[SourceDate "2012.10.19"]
[SourceVersion "1"]
[SourceVersionDate "2012.10.19"]
[SourceQuality "1"]

1. e4 c5 2. Nf3 e6 3. d4 cxd4 4. Nxd4 Nf6 5. Bd3 d6 6. 0-0 Be7 7. b3 0-0 8. Bb2 Nc6 9. Nxc6 bxc6 10. Nd2 Bb7 11. e5 dxe5 12. Bxe5 c5 13. Qe2 Qd5 14. Nf3 Ng4 15. Rad1 Qc6 16. Bf4 Nf6 17. c4 Rfd8 18. Bb1 Ne4 19. Qc2 f5 20. Ne5 Qe8 21. f3 Nd6 22. Rfe1 Nf7 23. Qe2 Rxd1 24. Rxd1 Bf6 25. Re1 g5 26. Nxf7 Qxf7 27. Be5 Re8 28. Qe3 f4 29. Qxc5 a6 30. Bxf6 Qxf6 31. Re5 h6 32. h3 Qd8 33. Kh2 Qd2 34. Qc7 Bxf3 35. Qh7+ Kf8 36. Qxh6+ Ke7 37. Qxe6+ 1-0

[Event "RUS-chT (Women) 13th"]
[Site "Sochi"]
[Date "2012.04.12"]
[Round "4"]
[White "Gileva, Irina"]
[Black "Makarenko, Alexandra"]
[Result "1-0"]
[WhiteElo "2138"]
[BlackElo "2117"]
[PlyCount "113"]
[EventDate "2012.04.09"]
[EventType "team-tourn"]
[EventRounds "7"]
[EventCountry "RUS"]
[SourceTitle "CBM 147 Extra"]
[Source "ChessBase"]
[SourceDate "2012.04.24"]
[SourceVersion "1"]
[SourceVersionDate "2012.04.24"]
[SourceQuality "1"]
[WhiteTeam "Nizhny Tagil Politekhnik (W)"]
[BlackTeam "Izhevsk Udmurtia (W)"]
[WhiteTeamCountry "RUS"]
[BlackTeamCountry "RUS"]

1. e4 c5 2. Nf3 d6 3. d4 cxd4 4. Nxd4 Nf6 5. Nc3 a6 6. Bg5 e6 7. f4 Be7 8. Qf3 Qc7 9. 0-0-0 Nbd7 10. g4 b5 11. a3 Bb7 12. Rg1 Rc8 13. Qe2 Nb6 14. Bxf6 gxf6 15. Qd2 h6 16. Rg3 Kf8 17. h4 b4 18. axb4 d5 19. b5 Bb4 20. bxa6 Ba8 21. Ndb5 Qe7 22. e5 Na4 23. Qd4 fxe5 24. Qxe5 f6 25. Qd4 Nxc3 26. Nxc3 Bc5 27. Qd3 Kf7 28. f5 d4 29. Ne4 e5 30. Qb3+ Kg7 31. Nxc5 Rxc5 32. g5 hxg5 33. hxg5 fxg5 34. Bg2 e4 35. Rxd4 Rhc8 36. Rd2 Rxf5 37. Bh3 Rcf8 38. Bxf5 Rxf5 39. Qc3+ Kg6 40. Qa3 Rf1+ 41. Rd1 Qf6 42. Qc5 Qf4+ 43. Qe3 Qxe3+ 44. Rxe3 Rf8 45. Rg1 Kh5 46. Rh3+ Kg6 47. Rhg3 Rf5 48. b4 Rb5 49. c3 Re5 50. Kd2 Rd5+ 51. Ke2 Kh5 52. c4 Rf5 53. b5 Kh4 54. Rg4+ Kh5 55. b6 e3 56. Rxg5+ Rxg5 57. Rxg5+ 1-0

[Event "Urals-ch (Women)"]
[Site "Russia"]
[Date "2012.03.04"]
[Round "9"]
[White "Gileva, Irina"]
[Black "Lysenko, Maria"]
[Result "1-0"]
[WhiteElo "2138"]
[BlackElo "2042"]
[PlyCount "87"]
[EventDate "2012.02.25"]
[EventType "swiss"]
[EventRounds "9"]
[EventCountry "RUS"]
[SourceTitle "EXT 2014"]
[Source "ChessBase"]
[SourceDate "2013.11.20"]
[SourceVersion "1"]
[SourceVersionDate "2013.11.20"]
[SourceQuality "1"]

1. e4 c5 2. Nf3 Nc6 3. d4 cxd4 4. Nxd4 Nf6 5. Nc3 e5 6. Ndb5 d6 7. a4 a6 8. Na3 Be6 9. Bc4 Rc8 10. 0-0 Nd4 11. Qd3 Bxc4 12. Nxc4 Nxc2 13. Nxd6+ Qxd6 14. Qxc2 Qc6 15. Bg5 Bb4 16. Bxf6 gxf6 17. Qd3 Bxc3 18. Rfc1 Qd7 19. Rxc3 Qxd3 20. Rxd3 Rc2 21. Rad1 0-0 22. Rg3+ Kh8 23. Rb3 Rc4 24. a5 Rxe4 25. Rxb7 Ra4 26. b4 Kg7 27. g3 Rc8 28. Rdd7 Rc2 29. Rxf7+ Kg6 30. Rg7+ Kf5 31. Rb6 e4 32. Rf7 Ra1+ 33. Kg2 e3 34. Rfxf6+ Ke5 35. Rbe6+ Kd5 36. Rxe3 Rb2 37. Rxa6 Rxb4 38. Rh6 Rb7 39. f4 Kd4 40. Re5 Ra2+ 41. Kf3 Rg7 42. a6 Ra3+ 43. Kf2 Ra2+ 44. Re2 1-0

[Event "Urals-ch (Women)"]
[Site "Russia"]
[Date "2012.03.02"]
[Round "7"]
[White "Gileva, Irina"]
[Black "Ivanova, Yulija"]
[Result "1-0"]
[WhiteElo "2138"]
[BlackElo "2166"]
[PlyCount "95"]
[EventDate "2012.02.25"]
[EventType "swiss"]
[EventRounds "9"]
[EventCountry "RUS"]
[SourceTitle "EXT 2014"]
[Source "ChessBase"]
[SourceDate "2013.11.20"]
[SourceVersion "1"]
[SourceVersionDate "2013.11.20"]
[SourceQuality "1"]

1. e4 c5 2. Nf3 d6 3. d4 cxd4 4. Nxd4 Nf6 5. Nc3 g6 6. Bc4 Bg7 7. f3 Nc6 8. Be3 0-0 9. Qd2 Ne5 10. Bb3 a6 11. g4 b5 12. h4 a5 13. h5 a4 14. Bd5 b4 15. Bxa8 Nc4 16. Qe2 bxc3 17. Qxc4 cxb2 18. Rb1 Qa5+ 19. Kf2 Ba6 20. Nc6 Bxc4 21. Nxa5 Bxa2 22. Rxb2 Nxg4+ 23. fxg4 Bxb2 24. Bd5 Bxd5 25. exd5 f5 26. hxg6 hxg6 27. Kf3 fxg4+ 28. Kxg4 Rc8 29. Nc6 Rc7 30. Kg5 a3 31. Bb6 Rb7 32. Bd4 Bxd4 33. Nxd4 Rb4 34. Nc6 Rb2 35. Nxe7+ Kg7 36. Nxg6 a2 37. Ra1 Rxc2 38. Nf4 Rd2 39. Kf5 Kf7 40. Rc1 Rc2 41. Ra1 Ke7 42. Rg1 Kf7 43. Nd3 Ke7 44. Rg7+ Kd8 45. Ra7 Rd2 46. Nb4 Kc8 47. Ke6 Kb8 48. Rxa2 1-0

[Event "Urals-ch (Women)"]
[Site "Russia"]
[Date "2012.03.01"]
[Round "6"]
[White "Turebayeva, Alfiya"]
[Black "Gileva, Irina"]
[Result "1-0"]
[WhiteElo "2188"]
[BlackElo "2138"]
[PlyCount "105"]
[EventDate "2012.02.25"]
[EventType "swiss"]
[EventRounds "9"]
[EventCountry "RUS"]
[SourceTitle "EXT 2014"]
[Source "ChessBase"]
[SourceDate "2013.11.20"]
[SourceVersion "1"]
[SourceVersionDate "2013.11.20"]
[SourceQuality "1"]

1. e4 e5 2. Nf3 Nf6 3. Nc3 Bb4 4. Nxe5 0-0 5. Be2 Re8 6. Nd3 Bxc3 7. dxc3 Nxe4 8. Nf4 d6 9. 0-0 Nd7 10. Be3 Ndc5 11. Re1 c6 12. c4 Bf5 13. Bf1 a5 14. f3 Ng5 15. Qd2 Nge6 16. Rad1 Qf6 17. c3 h6 18. Nxe6 Rxe6 19. Qf2 Rae8 20. Bd4 Qe7 21. Qg3 Bg6 22. Bf2 Re5 23. b3 Nd7 24. Qf4 a4 25. Qd2 axb3 26. axb3 Nf6 27. Bg3 Rxe1 28. Rxe1 Qd7 29. Rd1 Qd8 30. b4 d5 31. cxd5 cxd5 32. Qd4 Qc8 33. Bb5 Re6 34. Bf2 Kh7 35. Qc5 Qa8 36. Bd4 Bc2 37. Rf1 Bb3 38. Bd3+ Kg8 39. Rb1 Rc6 40. Qa5 Qxa5 41. bxa5 Bc4 42. Bxc4 dxc4 43. Rxb7 Nd5 44. Rb5 Nf4 45. Kf2 Re6 46. Rb1 Re2+ 47. Kf1 Ra2 48. g3 Nd5 49. Rb8+ Kh7 50. Rb7 Kg6 51. Rb6+ f6 52. a6 Kf5 53. a7 1-0

[Event "Ekaterinburg"]
[Site "Ekaterinburg"]
[Date "2010.07.25"]
[Round "11"]
[White "Onischuk, Nastja"]
[Black "Gileva, Irina"]
[Result "0-1"]
[WhiteElo "2209"]
[BlackElo "2107"]
[PlyCount "32"]
[EventDate "2010.07.15"]
[EventType "tourn"]
[EventRounds "11"]
[EventCountry "RUS"]
[EventCategory "1"]
[SourceTitle "EXT 2011"]
[Source "ChessBase"]
[SourceDate "2010.11.26"]
[SourceVersion "1"]
[SourceVersionDate "2010.11.26"]
[SourceQuality "1"]

1. e4 e5 2. Nf3 Nf6 3. Nxe5 d6 4. Nxf7 Kxf7 5. d4 c5 6. Nc3 cxd4 7. Bc4+ Be6 8. Bxe6+ Kxe6 9. Qxd4 Kf7 10. Bf4 Qc8 11. Bxd6 Bxd6 12. Qxd6 Rd8 13. Qg3 Nc6 14. 0-0 Nd4 15. e5 Nd5 16. Nxd5 Ne2+ 0-1

[Event "Ekaterinburg"]
[Site "Ekaterinburg"]
[Date "2010.07.24"]
[Round "10"]
[White "Gileva, Irina"]
[Black "Fer, Vadim"]
[Result "1/2-1/2"]
[WhiteElo "2107"]
[BlackElo "2155"]
[PlyCount "32"]
[EventDate "2010.07.15"]
[EventType "tourn"]
[EventRounds "11"]
[EventCountry "RUS"]
[EventCategory "1"]
[SourceTitle "EXT 2011"]
[Source "ChessBase"]
[SourceDate "2010.11.26"]
[SourceVersion "1"]
[SourceVersionDate "2010.11.26"]
[SourceQuality "1"]

1. e4 d5 2. exd5 Qxd5 3. Nc3 Qd6 4. d4 Nf6 5. Nf3 a6 6. g3 Bg4 7. Bg2 Nc6 8. 0-0 0-0-0 9. d5 Nb4 10. Bf4 Qc5 11. Be3 Qd6 12. h3 Bh5 13. Bf4 Qc5 14. Be3 Qd6 15. Bf4 Qc5 16. Be3 Qd6 1/2-1/2

[Event "Ekaterinburg"]
[Site "Ekaterinburg"]
[Date "2010.07.21"]
[Round "7"]
[White "Gileva, Irina"]
[Black "Kaliberda, Vladimir"]
[Result "1/2-1/2"]
[WhiteElo "2107"]
[BlackElo "2285"]
[PlyCount "43"]
[EventDate "2010.07.15"]
[EventType "tourn"]
[EventRounds "11"]
[EventCountry "RUS"]
[EventCategory "1"]
[SourceTitle "EXT 2011"]
[Source "ChessBase"]
[SourceDate "2010.11.26"]
[SourceVersion "1"]
[SourceVersionDate "2010.11.26"]
[SourceQuality "1"]

1. e4 c5 2. Nf3 Nc6 3. d4 cxd4 4. Nxd4 e6 5. Nc3 Qc7 6. Be2 a6 7. 0-0 Nf6 8. Be3 Bb4 9. Na4 Be7 10. Nxc6 bxc6 11. Nb6 Rb8 12. Nxc8 Qxc8 13. e5 Nd5 14. Bd4 c5 15. c4 cxd4 16. cxd5 Qc5 17. Bf3 Bg5 18. Rb1 exd5 19. Be2 Qb6 20. Bf3 Qc5 21. Be2 Qb6 22. Bf3 1/2-1/2

[Event "Ekaterinburg"]
[Site "Ekaterinburg"]
[Date "2010.07.19"]
[Round "5"]
[White "Gileva, Irina"]
[Black "Golikov, Nikolay"]
[Result "1/2-1/2"]
[WhiteElo "2107"]
[BlackElo "1922"]
[PlyCount "139"]
[EventDate "2010.07.15"]
[EventType "tourn"]
[EventRounds "11"]
[EventCountry "RUS"]
[EventCategory "1"]
[SourceTitle "EXT 2011"]
[Source "ChessBase"]
[SourceDate "2010.11.26"]
[SourceVersion "1"]
[SourceVersionDate "2010.11.26"]
[SourceQuality "1"]

1. e4 c5 2. Nf3 Nc6 3. d4 cxd4 4. Nxd4 g6 5. Nxc6 bxc6 6. Qd4 Nf6 7. e5 Nd5 8. e6 Nf6 9. exd7+ Bxd7 10. Bd3 Bg7 11. 0-0 0-0 12. Nd2 Nd5 13. Qh4 f5 14. Nf3 Qc7 15. Re1 e5 16. Ng5 h6 17. Nh3 g5 18. Bxg5 hxg5 19. Nxg5 Rf6 20. Qh7+ Kf8 21. Qh5 Kg8 22. Bc4 Be8 23. Qh7+ Kf8 24. Qh4 Bg6 25. Rad1 Rd8 26. Bb3 Rd7 27. c4 Nb6 28. Rxd7 Nxd7 29. c5 Nxc5 30. Qb4 Qe7 31. Qb8+ Qe8 32. Qxe8+ Bxe8 33. Nh7+ Ke7 34. Rxe5+ Re6 35. Bxe6 Bxe5 36. Bxf5 Bxb2 37. Kf1 Bf7 38. Bb1 Na4 39. Bc2 Nc3 40. a4 c5 41. h4 Nd5 42. Ng5 Bg8 43. Ke1 c4 44. Kd1 Bg7 45. g4 Kf6 46. Nf3 Nf4 47. Kd2 Be6 48. g5+ Kf7 49. Be4 c3+ 50. Kc2 Nd5 51. h5 Nb4+ 52. Kb1 Bb3 53. Ne1 c2+ 54. Nxc2 Bxc2+ 55. Bxc2 Nxc2 56. Kxc2 Be5 57. f3 Bf4 58. g6+ Kg7 59. Kd3 Bg5 60. Ke4 Bf6 61. Kf5 Bd4 62. Kg5 Bf6+ 63. Kf5 Bd4 64. Ke6 Be3 65. Ke5 Bg5 66. f4 Bf6+ 67. Ke6 Bd4 68. f5 Bc3 69. a5 a6 70. Ke7 1/2-1/2

[Event "Ekaterinburg"]
[Site "Ekaterinburg"]
[Date "2010.07.17"]
[Round "3"]
[White "Gileva, Irina"]
[Black "Orekhov, Evgeny"]
[Result "1/2-1/2"]
[WhiteElo "2107"]
[BlackElo "2428"]
[PlyCount "45"]
[EventDate "2010.07.15"]
[EventType "tourn"]
[EventRounds "11"]
[EventCountry "RUS"]
[EventCategory "1"]
[SourceTitle "EXT 2011"]
[Source "ChessBase"]
[SourceDate "2010.11.26"]
[SourceVersion "1"]
[SourceVersionDate "2010.11.26"]
[SourceQuality "1"]

1. e4 c6 2. d4 d5 3. exd5 cxd5 4. c4 e6 5. Nc3 Nf6 6. Nf3 Bb4 7. cxd5 Nxd5 8. Bd2 Nc6 9. Bd3 0-0 10. 0-0 Be7 11. a3 Nxc3 12. bxc3 b6 13. Qe2 Bb7 14. Qe4 g6 15. Rfe1 Bf6 16. Bh6 Re8 17. Qf4 Rc8 18. h4 Na5 19. Rac1 Nb3 20. Rc2 Na5 21. Rcc1 Nb3 22. Rc2 Na5 23. Rcc1 1/2-1/2

[Event "Ekaterinburg"]
[Site "Ekaterinburg"]
[Date "2010.07.15"]
[Round "1"]
[White "Gileva, Irina"]
[Black "Yuferev, Oleg"]
[Result "0-1"]
[WhiteElo "2107"]
[BlackElo "2353"]
[PlyCount "76"]
[EventDate "2010.07.15"]
[EventType "tourn"]
[EventRounds "11"]
[EventCountry "RUS"]
[EventCategory "1"]
[SourceTitle "EXT 2011"]
[Source "ChessBase"]
[SourceDate "2010.11.26"]
[SourceVersion "1"]
[SourceVersionDate "2010.11.26"]
[SourceQuality "1"]

1. e4 c5 2. Nf3 e6 3. d4 cxd4 4. Nxd4 a6 5. c4 Nf6 6. Bd3 Nc6 7. Nxc6 dxc6 8. 0-0 e5 9. Nc3 Bc5 10. Qf3 Be6 11. Bg5 h6 12. Bxf6 gxf6 13. Rfd1 h5 14. h3 Qe7 15. Bf1 Bd4 16. Ne2 Bxb2 17. Rab1 Ba3 18. Ng3 h4 19. Nh5 Kf8 20. Nxf6 Bc5 21. Ng4 Bd4 22. Ne3 Rd8 23. Nf5 Bxf5 24. Qxf5 Rh6 25. Rd2 b5 26. cxb5 axb5 27. Rb3 Rg6 28. Rf3 Kg7 29. a4 Rg5 30. axb5 Rxf5 31. Rxf5 cxb5 32. Rc2 b4 33. Bc4 Rc8 34. Rf3 f6 35. Bb3 Rc3 36. Rfxc3 bxc3 37. Bc4 Qa7 38. Kf1 Bxf2 0-1

[Event "Ekaterinburg 09"]
[Site "Ekaterinburg"]
[Date "2008.09.22"]
[Round "8"]
[White "Gileva, Irina"]
[Black "Karayev, Assylkhan"]
[Result "0-1"]
[WhiteElo "2124"]
[BlackElo "2261"]
[PlyCount "52"]
[EventDate "2008.09.15"]
[EventType "tourn"]
[EventRounds "11"]
[EventCountry "RUS"]
[EventCategory "1"]
[SourceTitle "EXT 2010"]
[Source "ChessBase"]
[SourceDate "2010.11.25"]
[SourceVersion "1"]
[SourceVersionDate "2010.11.25"]
[SourceQuality "1"]

1. e4 e5 2. d4 exd4 3. Qxd4 Nc6 4. Qe3 Nf6 5. Nc3 Bb4 6. Bd2 0-0 7. 0-0-0 Re8 8. f3 d5 9. Qf2 d4 10. Na4 Qe7 11. Bb5 Bd7 12. Bxc6 Bxc6 13. Bxb4 Qxb4 14. Rxd4 Qa5 15. Nc3 b5 16. Nge2 b4 17. Nb1 Rab8 18. c3 Qxa2 19. Rxb4 Nxe4 20. Qd4 Rbd8 21. Qg1 a5 22. Nd4 axb4 23. Nxc6 bxc3 24. bxc3 Nd2 25. Nxd8 Nb3+ 26. Kd1 Qxb1# 0-1

[Event "Ekaterinburg 09"]
[Site "Ekaterinburg"]
[Date "2008.09.18"]
[Round "4"]
[White "Gileva, Irina"]
[Black "Onischuk, Nastja"]
[Result "0-1"]
[WhiteElo "2124"]
[BlackElo "2125"]
[PlyCount "73"]
[EventDate "2008.09.15"]
[EventType "tourn"]
[EventRounds "11"]
[EventCountry "RUS"]
[EventCategory "1"]
[SourceTitle "EXT 2010"]
[Source "ChessBase"]
[SourceDate "2010.11.25"]
[SourceVersion "1"]
[SourceVersionDate "2010.11.25"]
[SourceQuality "1"]

1. e4 c5 2. Nf3 e6 3. d4 cxd4 4. Nxd4 Qb6 5. Nb3 Qc7 6. Nc3 a6 7. Bd3 Nf6 8. 0-0 d6 9. f4 Be7 10. Be3 b6 11. Qf3 Bb7 12. Qg3 Nbd7 13. Bd4 e5 14. Be3 Nh5 15. Qf2 Nxf4 16. Bxf4 exf4 17. Qxf4 Ne5 18. Rad1 Bf6 19. Nd5 Bxd5 20. exd5 0-0 21. c3 b5 22. Qg3 Ng6 23. Rxf6 gxf6 24. h4 Kh8 25. Qf2 Qe7 26. Re1 Ne5 27. Bc2 Rg8 28. Nd4 Rg4 29. Bd1 Rg6 30. h5 Rgg8 31. Nc6 Qf8 32. Qxf6+ Qg7 33. Qxg7+ Kxg7 34. Nxe5 dxe5 35. Rxe5 Rgf8 36. Re1 Rae8 37. Kf2 0-1

[Event "RUS-ch 1L (Women)"]
[Site "Orsk"]
[Date "2000.??.??"]
[Round "3"]
[White "Matvienko, Larisa"]
[Black "Gileva, Irina"]
[Result "0-1"]
[WhiteElo "2190"]
[BlackElo "2123"]
[PlyCount "72"]
[EventDate "2000.??.??"]
[EventType "swiss"]
[EventRounds "9"]
[EventCountry "RUS"]
[SourceTitle "EXT 2001"]
[Source "ChessBase"]
[SourceDate "2000.11.22"]
[SourceVersion "1"]
[SourceVersionDate "2000.11.22"]
[SourceQuality "1"]

1. e4 e5 2. Nf3 Nf6 3. Nc3 Bb4 4. Nxe5 0-0 5. Nd3 Bxc3 6. dxc3 Nxe4 7. Nf4 c6 8. c4 d6 9. Be2 Na6 10. 0-0 Nac5 11. f3 Ng5 12. b3 Qf6 13. Rb1 Rd8 14. Nh5 Qg6 15. f4 Nge4 16. Bb2 f6 17. Ba1 a5 18. a3 Bh3 19. Bf3 d5 20. Kh1 dxc4 21. Qe2 Rd2 22. Qxc4+ Be6 23. f5 Qe8 24. fxe6 b5 25. Nxg7 Qg6 26. Qxc5 Nxc5 27. e7 Kxg7 28. Rbe1 Rd6 29. Bc3 Kf7 30. Bxa5 Re8 31. b4 Ne6 32. Be4 Qh6 33. Bb6 Rxe7 34. Bd3 Rd5 35. Re3 Rb7 36. Ba5 Qxe3 0-1

[Event "Wch U26 (Women)"]
[Site "Rotterdam"]
[Date "1998.08.11"]
[Round "1"]
[White "Bednarska, Malgorzata"]
[Black "Gileva, Irina"]
[Result "1/2-1/2"]
[WhiteElo "2175"]
[BlackElo "2140"]
[PlyCount "138"]
[EventDate "1998.08.??"]
[EventType "swiss"]
[EventRounds "9"]
[EventCountry "NED"]
[SourceTitle "EXT 1999"]
[Source "ChessBase"]
[SourceDate "1998.11.16"]
[SourceVersion "1"]
[SourceVersionDate "1998.11.16"]
[SourceQuality "1"]

1. e4 e5 2. Nf3 Nf6 3. d4 Nxe4 4. Bd3 d5 5. Nxe5 Nd7 6. Qe2 Nxe5 7. Bxe4 dxe4 8. Qxe4 Be6 9. Qxe5 Qd7 10. 0-0 0-0-0 11. Be3 Bb4 12. c3 f6 13. Qg3 Bd6 14. Bf4 Bf8 15. Re1 Bf5 16. Qe3 g5 17. Bg3 h5 18. h4 Rg8 19. Nd2 Bh6 20. Nf1 Rg6 21. Qe7 Qc6 22. d5 Qd7 23. Qxd7+ Bxd7 24. Re4 f5 25. Rc4 f4 26. hxg5 fxg3 27. gxh6 gxf2+ 28. Kxf2 Rf8+ 29. Kg1 Rxh6 30. Re4 Rhf6 31. Ng3 Bg4 32. Rf1 Kd7 33. c4 c6 34. dxc6+ Kxc6 35. Rxf6+ Rxf6 36. Re5 h4 37. Ne4 Rf4 38. b3 b6 39. Kh2 Bf5 40. Nc3 Rf2 41. Kg1 Rc2 42. Rxf5 Rxc3 43. Rh5 Rc2 44. Rxh4 Rxa2 45. Rf4 a5 46. Kh2 Ra3 47. Rf3 Kd6 48. Kg3 Ke5 49. Kg4 a4 50. bxa4 Rxa4 51. Rf4 b5 52. Rf5+ Ke6 53. Rxb5 Rxc4+ 54. Kg5 Kf7 55. Rb7+ Kg8 56. g4 Rc6 57. Kf5 Ra6 58. Re7 Rb6 59. Kg5 Ra6 60. Kh5 Rb6 61. g5 Ra6 62. Rc7 Rb6 63. Rc5 Ra6 64. g6 Ra1 65. Rf5 Rh1+ 66. Kg5 Kg7 67. Rf7+ Kg8 68. Kf6 Rf1+ 69. Ke7 Re1+ 1/2-1/2

[Event "Centrocoop June op-B"]
[Site "Eforie Nord"]
[Date "1998.??.??"]
[Round "?"]
[White "Gehtman, Boris"]
[Black "Gileva, Irina"]
[Result "0-1"]
[WhiteElo "1650"]
[BlackElo "2145"]
[PlyCount "88"]
[EventDate "1998.06.??"]
[EventType "swiss"]
[EventRounds "11"]
[EventCountry "ROU"]
[SourceTitle "EXT 2000"]
[Source "ChessBase"]
[SourceDate "1999.11.16"]
[SourceVersion "1"]
[SourceVersionDate "1999.11.16"]
[SourceQuality "1"]

1. e4 e5 2. Nf3 Nf6 3. Nxe5 d6 4. Nf3 Nxe4 5. Qe2 Qe7 6. d3 Nf6 7. d4 Bg4 8. c4 Bxf3 9. gxf3 Nc6 10. Qxe7+ Bxe7 11. Be3 d5 12. Nc3 0-0-0 13. 0-0-0 a6 14. Rg1 g6 15. a3 Na5 16. c5 Nh5 17. Kc2 f5 18. f4 Bf8 19. Bg2 Nf6 20. Bf1 Bh6 21. b4 Nc6 22. Bd3 Rhe8 23. h3 Nh5 24. Ne2 Nb8 25. a4 Nd7 26. c6 Nf8 27. a5 Ne6 28. b5 Nhxf4 29. Bxf4 Bxf4 30. cxb7+ Kxb7 31. bxa6+ Ka7 32. Rb1 Rb8 33. Bb5 c6 34. Bd3 Bd6 35. Kc3 Nc7 36. h4 Nxa6 37. h5 Re6 38. hxg6 hxg6 39. Rh1 Nb4 40. Ra1 Nxd3 41. Kxd3 Rb2 42. Rhe1 Bb4 43. Nc3 Rxe1 44. Rxe1 Rb3 0-1

[Event "Centrocoop June op-B"]
[Site "Eforie Nord"]
[Date "1998.??.??"]
[Round "?"]
[White "Gileva, Irina"]
[Black "Berezovich, Mikhail"]
[Result "0-1"]
[WhiteElo "2145"]
[BlackElo "1650"]
[PlyCount "86"]
[EventDate "1998.06.??"]
[EventType "swiss"]
[EventRounds "11"]
[EventCountry "ROU"]
[SourceTitle "EXT 2000"]
[Source "ChessBase"]
[SourceDate "1999.11.16"]
[SourceVersion "1"]
[SourceVersionDate "1999.11.16"]
[SourceQuality "1"]

1. e4 c5 2. Nf3 d6 3. d4 cxd4 4. Nxd4 Nf6 5. Nc3 Nc6 6. Be2 e5 7. Nb3 Be7 8. 0-0 0-0 9. f4 a6 10. a4 b6 11. Be3 Bb7 12. Bf3 Rc8 13. Qe1 exf4 14. Bxf4 Ne5 15. Rd1 Qc7 16. Nd4 Qc5 17. Kh1 Nxf3 18. gxf3 g6 19. Rg1 Kh8 20. Be3 Qc7 21. Nde2 Nd7 22. Nf4 Ne5 23. Bd4 Kg8 24. Qf2 b5 25. axb5 axb5 26. Rg2 Bc6 27. Ncd5 Qb7 28. Nxe7+ Qxe7 29. Nh5 f5 30. Qe2 Qh4 31. Bxe5 dxe5 32. Ng3 f4 33. Nf5 Rxf5 34. exf5 Qh5 35. Rf2 Qxf5 36. Rd6 e4 37. Qd1 e3 38. Rg2 Qc5 39. c3 e2 40. Rd8+ Kg7 41. Rd7+ Kh6 42. Rxh7+ Kxh7 43. Qxe2 Qe3 0-1

[Event "Centrocoop June op-B"]
[Site "Eforie Nord"]
[Date "1998.??.??"]
[Round "?"]
[White "Gileva, Irina"]
[Black "Grigore, George Gabriel"]
[Result "1-0"]
[WhiteElo "2145"]
[BlackElo "2480"]
[PlyCount "66"]
[EventDate "1998.06.??"]
[EventType "swiss"]
[EventRounds "11"]
[EventCountry "ROU"]
[SourceTitle "EXT 2000"]
[Source "ChessBase"]
[SourceDate "1999.11.16"]
[SourceVersion "1"]
[SourceVersionDate "1999.11.16"]
[SourceQuality "1"]

1. e4 e5 2. d4 exd4 3. Qxd4 Nc6 4. Qe3 Nf6 5. Bd2 Be7 6. Nc3 d5 7. exd5 Nxd5 8. Qg3 Bf6 9. Bb5 0-0 10. 0-0-0 Bf5 11. Nge2 Ndb4 12. Ba4 Qe7 13. a3 Na6 14. Rhe1 Be5 15. Bf4 Bxf4+ 16. Nxf4 Be6 17. Ncd5 Qc5 18. Nh5 g6 19. Nhf6+ Kg7 20. Ne4 Qa5 21. Bxc6 Bxd5 22. Bxd5 Rae8 23. Bxb7 Nc5 24. Bd5 Nxe4 25. Rxe4 Rd8 26. Qc3+ Qxc3 27. bxc3 Rd6 28. Bb3 Rc6 29. Rc4 Rf6 30. f3 c6 31. Rd7 Rc8 32. Kd2 a6 33. Ba4 Re6 1-0